00000000cas 2200000za 4500
0019.807326
003CaOODSP
00520260323134924
007cr |||||||||||
008150406d20182023onc x m o    f0   b0fre|d
040 |aCaOODSP|bfre
043 |an-cn---
0861 |aFB3-7F-PDF
24500|aNote analytique du personnel |h[ressource électronique] / |cBanque du Canada.
260 |aOttawa : |bBanque du Canada, |c2018-2023.
310 |aIrrégulier
3620 |a2018/3-2023/17.
500 |aPubli. aussi en anglais sous le titre : Staff analytical note.
7102 |aBanque du Canada.
77508|tStaff analytical note |w(CaOODSP)9.807323